| 000 | 00869nam a22002537a 4500 | ||
|---|---|---|---|
| 005 | 20170123162319.0 | ||
| 010 | _aA-353083 | ||
| 020 | _c35.00 | ||
| 035 | _aA-353083 | ||
| 037 | _bCen Lib/Ret | ||
| 040 |
_aDPL _bUR |
||
| 082 |
_a841 _bک پ و |
||
| 100 |
_aکپور، کنہیا لال _9116237 |
||
| 245 |
_aنے شگوفے / _c کنہیا لال کپور |
||
| 246 |
_aNae shugoofay / _bby Kanhaiya Lal Kapoor |
||
| 260 |
_aنیی دہلی _bسلوچہ پبلیکیشنز _c1988 |
||
| 270 |
_bنیی دہلی _a٤١، ڈی . گلموہر پارک _e110049 |
||
| 300 |
_a192p. _c17cm(Hb) |
||
| 650 |
_a ادب - اردو _v _9116238 |
||
| 650 |
_a سماجی طنز -- اردو شاعری _9112107 |
||
| 650 |
_aLiterature -- Urdu _9116239 |
||
| 650 |
_aUrdu poetry -- Social satires _9116240 |
||
| 942 |
_2ddc _cUR _h841 _mک پ و |
||
| 999 |
_c106957 _d106957 |
||